| 000 | 00711cam a2200253 4500 | ||
|---|---|---|---|
| 008 | 090401t1996 xxu||||| |||| 00| 0 eng d | ||
| 020 | _a186081073X | ||
| 035 | _a(Sirsi) u60927 | ||
| 041 | _aeng | ||
| 050 | _a614.76 | ||
| 100 | _aHobbs, G. | ||
| 245 | _aManagement of construction and demolition wastes. | ||
| 260 |
_aGarston, Watford _bBuilding Research Establishment _c1996 |
||
| 300 | _a6p. ; 30cm. | ||
| 350 | _a0 | ||
| 490 |
_aBRE Information Paper _vIP 1/96 |
||
| 650 | _aCONSTRUCTION WASTE | ||
| 650 | _aDEMOLITION WASTE | ||
| 650 | _aWASTE MANAGEMENT | ||
| 690 | _aENVIRONMENTAL AND LAND CONSULTANCY | ||
| 710 | _aBuilding Research Establishment | ||
| 942 | _n0 | ||
| 948 | _c04/03/1997 | ||
| 999 |
_c94269 _d94269 |
||